| 000 | 00419 a2200145 4500 | ||
|---|---|---|---|
| 999 |
_c41836 _d41836 |
||
| 003 | OSt | ||
| 005 | 20230225133439.0 | ||
| 008 | 230225b ||||| |||| 00| 0 eng d | ||
| 040 | _coclc | ||
| 082 |
_a954.84 _bKUT/M |
||
| 245 |
_aMalabarile Makka / _cT V Abdu Rahiman Kutty |
||
| 260 |
_aKerala: _bAlfa book stall, _c2021. |
||
| 300 | _a159 pages | ||
| 942 |
_2ddc _cBK _h954.84 _iKUT/M _k954.84 _mKUT/M |
||